Normal view
MARC view
- Ward, Seamus A.
Entry Personal Name
001 - CONTROL NUMBER
- control field: 2887
003 - CONTROL NUMBER IDENTIFIER
- control field: NUST
005 - DATE AND TIME OF LATEST TRANSACTION
- control field: 20170620121041.0
008 - FIXED-LENGTH DATA ELEMENTS
- fixed length control field: 170620|| aca||aabn | a|a d
040 ## - CATALOGING SOURCE
- Original cataloging agency: NUST
- Transcribing agency: NUST
100 ## - HEADING--PERSONAL NAME
- Personal name: Ward, Seamus A.
670 ## - SOURCE DATA FOUND
- Source citation: Work cat.: (NUST)0: The metabolism of arsenite /, 2012.
